5HLuxD.jpg

KING HENRY VIII SENIOR AND PRIMARY SCHOOL LIBRARY OPAC

GRETA AND THE GHOST HUNTERS (Record no. 5355)

000 -LEADER
fixed length control field 00382nam a22001217a 4500
008 - FIXED-LENGTH DATA ELEMENTS--GENERAL INFORMATION
fixed length control field 250909b ||||| |||| 00| 0 eng d
020 ## - INTERNATIONAL STANDARD BOOK NUMBER
International Standard Book Number 9780241446386
082 ## - DEWEY DECIMAL CLASSIFICATION NUMBER
Classification number 823.92 COP
100 ## - MAIN ENTRY--PERSONAL NAME
Personal name COPELAND,SAM
Relator term AUTHOR
Language of a work ENGLISH
245 ## - TITLE STATEMENT
Title GRETA AND THE GHOST HUNTERS
260 ## - PUBLICATION, DISTRIBUTION, ETC.
Place of publication, distribution, etc. MORRISON CHAMBERS,32 NASSAU STREET,DUBLIN DO2 YH 68
Name of publisher, distributor, etc. PENGUIN RANDOM HOUSE UK/(IRELAND)
Date of publication, distribution, etc. 2022
942 ## - ADDED ENTRY ELEMENTS (KOHA)
Source of classification or shelving scheme
Holdings
Withdrawn status Lost status Source of classification or shelving scheme Damaged status Not for loan Collection code Permanent Location Current Location Shelving location Date acquired Total Checkouts Full call number Barcode Date last seen Date last checked out Price effective from Koha item type Public note
          Fiction KH8 Primary School Library KH8 Primary School Library Fiction 2025-09-09 2 823.92 COP KHPL000007142 2026-02-23 2026-02-09 2025-09-09 Books - Fiction PRIMARY LIBRARY

Powered By KH8 IT Dept